| 000 | 00356nam a2200145Ia 4500 | ||
|---|---|---|---|
| 008 | 190704s9999||||xx |||||||||||||| ||und|| | ||
| 020 | _a9781879505070 | ||
| 082 |
_a415 _bARI/G |
||
| 100 | _aArijon, Daniel | ||
| 245 | 0 | _aGrammar of the Film Language | |
| 250 | _a1st Edition | ||
| 260 |
_aLos Angeles _bSilman/James _c1976 |
||
| 300 | _a624p. | ||
| 942 | _cBK | ||
| 999 |
_c6358 _d6358 |
||